000 00356nam a2200133Ia 4500
008 240624s9999 xx 000 0 und d
041 _aeng
082 _a330 BAR
100 _aBARDHAN PRANAB
245 _aSCARCITY CONFLICTS AND COOPERATION ESSAY
260 _c2008
_aNew Delhi
_bOxford University press
300 _a306 : p. : cm. ; 22
365 _cRS
_b30
999 _c12979
_d12979